000 01364nam a2200313 c 4500
003 BLK
005 20230724110138.0
008 180411b bul|||||r ||||||| ||bul||
010 _aKNG00178165000
040 _aBLK
041 _aBUL
_cBUL
080 _aАмериканска литература (на САЩ)
_b821.111(73)
_x-31
_z821.111(73)-31
100 1 _aКупър, Джеймз Фенимор
_eпърви автор
_9379840
700 1 _aМиндов, Борис Иванов
_eпрев. от англ.
_9368236
700 _aМанолов, Тихомир Костадинов
_d1959 -
_9327251
139 _aКупър, Джеймз Фенимор
_bК 94
245 1 0 _aЧервеният корсар
_bРоман за юноши
_cДжеймз Фенимор Купър; прев. от англ. Борис Иванов Миндов; худож. Тихомир Манолов.
257 _aBGR
260 Варна
_bГеорги Бакалов
_c1985
300 _a376 с.
_bс ил.
_c24 см
380 _aX
500 _aОриг. загл. The Red Rover / James Fenimore Cooper. - Офс. изд. - 50 111 тир.
852 _aЦб 139702
856 4 _qpdf
_u
856 4 _qpdf
_u
942 _cKNG
_n0
944 _aCR
_c14.07.2015
_k30560
_lГеновева Генчева
944 _aED
_c18.02.2016
_kКети_Илиева
999 _c170071
_d170071